000 00893nam a22002417a 4500
001 00260
003 DO-SdBNP
005 20171213083434.0
008 151119b 2004 pn xxu||||| |||| 00| 0 spa d
010 _a00260
040 _aBPMSU
_bspa
_cBPMSU
092 _axxxxx
_bxxxxx
110 2 _4Grupo Pedagógico de Casa Taller (Panamá).
245 0 0 _aEl abuelo de mi abuela :
_bera un niño hace 100 años : publicación en homenaje a la república de Panamá en su centenario (1903-2003) /
_cGrupo Pedagógico de Casa Taller ; dirección editorial María Isabel Borrero, Gloria Bejarano.
260 _aPanamá :
_bFundación Casa Taller,
_c2004.
300 _a145 p. :
_bil. ;
_c29 cm.
700 1 2 _aBorrero, María Isabel.
_eed.
700 1 2 _aBejarano, Gloria.
_eed.
910 _a00260
942 _2ddc
_cBK
945 _ainventariado extranjero / DG
956 _aLorenza Pérez
_b10
999 _c8810
_d8810